| 000 | 00455nam a2200169Ia 4500 | ||
|---|---|---|---|
| 999 |
_c36783 _d36783 |
||
| 003 | OSt | ||
| 005 | 20201215111743.0 | ||
| 008 | 190216s9999||||xx |||||||||||||| ||und|| | ||
| 040 | _coclc | ||
| 082 |
_a500 _bSAS/M |
||
| 100 |
_aSasidharan, G K _97502 |
||
| 245 | 0 |
_aMahaprabancham / _cG K Sasidharan |
|
| 260 |
_bDc Books, _aKottayam: _c2005. |
||
| 300 | _a325p | ||
| 650 | _aMalayalam | ||
| 942 |
_cREF _2ddc _h500 _iSAS/M _k500 _mSAS/M |
||